مدى فاعلية دور لجان المراجعة في دعم آليات التدقيق الداخلي والخارجي : دراسة تطبيفية على البنوك العاملة في فلسطين = The effectiveness of the role of the audit committees in supporting the mechanisms of internal and external audit (an empirical study on the operating banks in Palestine) /
محفوظ في:
| المؤلف الرئيسي: | |
|---|---|
| مؤلفون آخرون: | |
| التنسيق: | أطروحة |
| اللغة: | Arabic |
| منشور في: |
Ghazzah :
al-Jami'ah al-Islamiyah,
2012
|
| الموضوعات: | |
| الوسوم: |
إضافة وسم
لا توجد وسوم, كن أول من يضع وسما على هذه التسجيلة!
|
| LEADER | 013650000a22002290004500 | ||
|---|---|---|---|
| 008 | 131023s2012 gz g 000 0 ara d | ||
| 040 | |a UIAM |b eng | ||
| 041 | |a ara | ||
| 050 | 0 | 0 | |a HF5616.P19 |
| 100 | 1 | |a صوص، إياد سعيد محمود | |
| 242 | |a Mada fa'iliyat dawr lijan al-muraja'ah fi da'm aliyat al-tadqiq al-dakhili wa-al-khariji : |b dirasat tatbiqiyah 'ala al-bunuk al-'amilat fi Filistin | ||
| 245 | 1 | 0 | |a مدى فاعلية دور لجان المراجعة في دعم آليات التدقيق الداخلي والخارجي : |b دراسة تطبيفية على البنوك العاملة في فلسطين = The effectiveness of the role of the audit committees in supporting the mechanisms of internal and external audit (an empirical study on the operating banks in Palestine) / |c إياد سعيد محمود الصوص |
| 260 | |a Ghazzah : |b al-Jami'ah al-Islamiyah, |c 2012 | ||
| 300 | |a xi, 109 leaves ; |c 30 cm. | ||
| 502 | |a Thesis (M.A.)--Jami'at al-Islamiyah, 2012. | ||
| 504 | |a Includes bibliographical references (leaves 101-108). | ||
| 596 | |a 1 | ||
| 655 | |a Theses, Facsimile edition (Islamic) | ||
| 700 | 1 | |a Sus, Iyad Sa'id Mahmud | |
| 900 | |a arf-ls | ||
| 999 | |c 437840 |d 470054 | ||
| 952 | |0 0 |6 TI HF 005616 P19 S967M 2012 |7 0 |8 THESES |9 759234 |a IIUM |b IIUM |c MULTIMEDIA |g 0.00 |o ti HF 5616 P19 S967M 2012 |p 00011285452 |r 2017-10-23 |t 1 |v 0.00 |y THESIS | ||
